8051 microcontroller and its applications / (Record no. 41355)

MARC details
000 -LEADER
fixed length control field 00841nam a22002537a 4500
005 - DATE AND TIME OF LATEST TRANSACTION
control field 20100812140349.0
010 ## - LCCN (DPL NO)
LC control number ENG-99840
020 ## - INTERNATIONAL STANDARD BOOK NUMBER
International Standard Book Number 9789380406152
Terms of availability 60.00
035 ## - SYSTEM CONTROL NUMBER
System control number EN-83372
037 ## - SOURCE OF ACQUISITION
Source of stock number/acquisition DBAD/PUB
082 ## - DEWEY DECIMAL CLASSIFICATION NUMBER
Classification number 004.165
100 ## - MAIN ENTRY--PERSONAL NAME
Personal name Mahalakshmi, M.
245 ## - TITLE STATEMENT
Title 8051 microcontroller and its applications /
Statement of responsibility, etc by M.Mahalakshmi
260 ## - PUBLICATION, DISTRIBUTION, ETC. (IMPRINT)
Place of publication, distribution, etc Erode
Name of publisher, distributor, etc Pallavi Publications
Date of publication, distribution, etc 2009
270 ## - ADDRESS
City Erode
Address 194,Kanna Complex,Mettur Road
Postal code 11
300 ## - PHYSICAL DESCRIPTION
Extent 97p.:
Other physical details ill.
Dimensions 20cm (pbk)
650 ## - SUBJECT ADDED ENTRY--TOPICAL TERM
Topical term or geographic name as entry element Micro Computer
650 ## - SUBJECT ADDED ENTRY--TOPICAL TERM
Topical term or geographic name as entry element Digital Control System
700 ## - ADDED ENTRY--PERSONAL NAME
9 (RLIN) 10603
700 ## - ADDED ENTRY--PERSONAL NAME
9 (RLIN) 11537
700 ## - ADDED ENTRY--PERSONAL NAME
9 (RLIN) 10604
942 ## - ADDED ENTRY ELEMENTS (KOHA)
Source of classification or shelving scheme Dewey Decimal Classification
Item type English Books
Classification part 004.165
Call number suffix MAH
Holdings
Withdrawn status Lost status Not for loan Collection code Home library Current library Date acquired Source of acquisition Cost, normal purchase price Full call number Barcode Copy number Cost, replacement price Koha item type
    Not For Loan Non-fiction D.B.Act.Division D.B.Act.Division 12/08/2010 DBAD/PUB 60.00 004.165 MAH EN-83372 1 60.00 English Books

© Delhi Public Library
Hit Counter
free hit counter